000
00323nam a22001457a 4500
008
230531b ||||| |||| 00| 0 eng d
020
_a
9781496320223
041
_a
eng
080
_2
NINTH EDITION
_a
616
082
_a
616SCH
100
_a
12
101
_a
STM
245
_a
DENTAL ANATOMY
_c
SCHEID .G.R
942
_2
udc
_c
BK
999
_c
59887
_d
59887